[Event "12th Arad Open 2019"]
[Site "Arad"]
[Date "2019.07.24"]
[Round "1.39"]
[White "Talu, Mircea"]
[Black "Cristocea, Gabriela"]
[Result "1-0"]
[WhiteElo "2278"]
[BlackElo "1742"]
[Annotator "TA"]
[PlyCount "41"]
[EventDate "2019.07.24"]
[EventType "swiss"]
[EventCountry "ROU"]
[SourceTitle "playchess.com"]
[Source "ChessBase"]
[SourceQuality "1"]

{[%evp 10,41,35,29,52,51,62,39,114,113,147,159,158,132,237,218,359,235,227,219,278,227,244,196,525,454,554,454,641,372,364,365,512,485]} 1. d4 d5 2. c4 c6 3. Nf3 Nf6 4. Nc3 a6 5. e3 b5 6. b3 Nbd7 {D15: Slav Defence: 4 Nc3 a6 and gambit lines after 4 Nc3 dxc4} (6... Bg4 7. cxd5 cxd5 8. Bd3 e6 9. a4 b4 10. Ne2 Bxf3 11. gxf3 Be7 12. Bd2 O-O 13. Rc1 Qd7 14. Qc2 Bd6 {1-0 (28) Aronian,L (2805)-Laznicka,V (2647) Riadh 2017}) 7. Bb2 Qc7 $146 ({Predecessor:} 7... e6 8. Ne5 Nxe5 9. dxe5 Nd7 10. cxd5 exd5 11. Nb1 Bb4+ 12. Nd2 Qe7 13. Qg4 O-O 14. Bd3 {½-½ (44) Mica,M (1842)-Wasik,P (1986) Stare Mesto 2017}) 8. Rc1 {cxd5 is the strong threat.} b4 (8... e6 $14) 9. Na4 $16 Qa5 10. cxd5 cxd5 11. Ne5 $36 {[%mdl 2048] White has strong initiative.} Nxe5 (11... Bb7 $16 {is a better defense.} 12. Nc5 Qb6) 12. dxe5 $18 Nd7 (12... Ne4 $142 13. Qd4 Be6) 13. Bd3 e6 14. Bd4 Be7 15. O-O O-O 16. Qc2 Rb8 $2 {[#]} (16... g6 {is more resistant.} 17. f4 Qd8) 17. Bxh7+ Kh8 18. Bd3 Bb7 (18... Rg8 $142 19. Qe2 g6) 19. Qc7 Qxc7 20. Rxc7 Rfd8 (20... Bc8 {was worth a try.} 21. Rfc1 Re8) 21. Ba7 1-0

[Event "12th Arad Open 2019"]
[Site "Arad"]
[Date "2019.07.24"]
[Round "1.40"]
[White "Lup, Constantin-Ionel"]
[Black "Pop, Alexandru"]
[Result "0-1"]
[WhiteElo "1739"]
[BlackElo "2276"]
[Annotator "TA"]
[PlyCount "80"]
[EventDate "2019.07.24"]
[EventType "swiss"]
[EventCountry "ROU"]
[SourceTitle "playchess.com"]
[Source "ChessBase"]
[SourceQuality "1"]

{[%evp 9,80,0,6,2,-4,9,9,16,8,3,4,0,24,-2,28,21,28,29,56,51,47,48,49,31,25,0,0,-13,-7,-5,12,-50,-51,-58,-60,-59,-52,-52,-54,-61,-52,-50,0,0,0,-26,-14,-28,-8,-8,-8,-8,-8,-8,-8,-8,-8,-8,-8,-29975,-29977,-29979,-29979,-29980,-29981,-29982,-29983,-29983,-29984,-29984,-29985,-29985,-29986]} 1. c4 e5 2. g3 Nf6 3. Bg2 c6 4. a3 (4. Nf3 e4 5. Nd4 d5 6. d3 Bc5 7. Nb3 Bb6 8. cxd5 Qxd5 9. O-O Qf5 10. Nc3 exd3 11. e4 Qh5 12. Qxh5 Nxh5 13. Rd1 Nf6 {0-1 (55) Ding,L (2805)-Anand,V (2774) Cupar 2019}) 4... d5 5. cxd5 cxd5 6. d4 {A20: English Opening: 1...e5} e4 7. Nc3 Nc6 8. Bg5 {The position is equal.} Be7 9. e3 $146 ({Predecessor:} 9. Nh3 O-O 10. Nf4 Be6 11. O-O h6 12. Bxf6 Bxf6 {0-1 (46) Blum,G (2326)-Graf,C (2330) GER corr 1999}) 9... O-O 10. Nge2 Be6 11. O-O h6 12. Bxf6 $1 Bxf6 13. Nf4 Ne7 14. f3 exf3 $1 15. Qxf3 Bg5 16. Rfe1 {[%cal Rc3d5]} Bxf4 17. Qxf4 Qd7 18. e4 dxe4 19. Qxe4 {Threatens to win with d5.} Rad8 (19... Rae8 {looks sharper.} 20. d5 Bf5 21. Qb4 Nc8 22. d6 Qxd6 23. Bxb7 a5) 20. d5 (20. Rad1 $11) 20... Nxd5 $15 21. Nxd5 Bxd5 22. Qxd5 Qxd5 23. Bxd5 Rxd5 {[%mdl 4096] Endgame KRR-KRR} 24. Re7 Rb5 $1 25. b4 f5 26. Rc1 {Black should prevent Rcc7!} f4 27. g4 (27. a4 {is interesting.} Rg5 28. Rxb7 fxg3 29. Rxa7 gxh2+ 30. Kh1) 27... Rg5 28. h3 h5 29. Kf2 hxg4 30. hxg4 Rxg4 {Strongly threatening ...f3.} 31. Rxb7 f3 {aiming for ...Rg2+.} 32. Rg1 $1 {[%cal Rg1g4]} Rxg1 33. Kxg1 Rf7 34. Rxf7 $4 {[%mdl 8192] [#]} (34. Rb5 $11) 34... Kxf7 $11 {K3P-KPP. Black mates.} 35. b5 Ke6 36. a4 g5 37. a5 Kd6 38. Kf2 {[#]} g4 $1 39. Kg3 Kc5 40. b6 axb6 {Accuracy: White = 38%, Black = 73%.} 0-1

[Event "12th Arad Open 2019"]
[Site "Arad"]
[Date "2019.07.25"]
[Round "2.1"]
[White "Markovic, Franjo-Josip"]
[Black "Mastrovasilis, Dimitrios"]
[Result "0-1"]
[WhiteElo "2160"]
[BlackElo "2589"]
[Annotator "TA"]
[PlyCount "34"]
[EventDate "2019.07.24"]
[EventType "swiss"]
[EventCountry "ROU"]
[SourceTitle "playchess.com"]
[Source "ChessBase"]
[SourceQuality "1"]

{[%evp 9,58,12,14,-4,-19,-18,-17,-10,-8,-69,-51,-83,-71,-84,-91,-122,-99,-135,-112,-236,-234,-291,-289,-339,-323,-470,-436,-461,-470,-504,-500,-497,-488,-546,-522,-1029,-1023,-1060,-1045,-1092,-1064,-1267,-1255,-3043,-2834,-3022,-2764,-2577,-2612,-2400,-2363]} 1. d4 d5 2. c4 e6 3. Nc3 Bb4 4. Nf3 dxc4 5. e4 (5. Qa4+ Nc6 6. a3 Bxc3+ 7. bxc3 Qd5 8. Nd2 b5 9. Qc2 Bb7 10. e4 Qd7 11. a4 a6 12. Rb1 Na5 {½-½ (21) Dreev,A (2653)-Grischuk,A (2772) Riadh 2017}) 5... b5 6. Bg5 {D31: Queen's Gambit Declined: Semi-Slav without ...Nf6 (+ Marshall Gambit and Noteboom) and Exchange Variation lines without ...Nf6} Ne7 7. a4 c6 8. Be2 {The position is equal.} Bb7 9. h4 $146 (9. O-O $11) ({Predecessor:} 9. O-O a6 10. Qc2 h6 11. Bh4 O-O 12. Rfd1 f5 13. exf5 exf5 14. d5 cxd5 15. Nxd5 Bxd5 16. axb5 {½-½ (66) Bu,X (2640)-Liang,C (2514) Wuxi 2006}) 9... Nd7 10. h5 h6 11. Bh4 a6 12. Kf1 O-O 13. Rh3 f6 14. Nh2 (14. Rc1 $17) 14... c5 $19 15. Bg4 cxd4 16. Bxe6+ Kh8 17. Ne2 (17. Qxd4 {is a better defense.} Nc5 18. Qxd8 Rfxd8 19. Bg4 Bxc3 20. Rxc3) 17... d3 {Played: Nd7-c5} 0-1

[Event "12th Arad Open 2019"]
[Site "Arad"]
[Date "2019.07.25"]
[Round "2.2"]
[White "Istratescu, Andrei"]
[Black "Dobrin, Ionut-Alexandru"]
[Result "1-0"]
[WhiteElo "2555"]
[BlackElo "2142"]
[Annotator "TA"]
[PlyCount "91"]
[EventDate "2019.07.24"]
[EventType "swiss"]
[EventCountry "ROU"]
[SourceTitle "playchess.com"]
[Source "ChessBase"]
[SourceQuality "1"]

{[%evp 18,91,38,22,23,0,50,34,39,34,25,33,114,115,112,101,97,120,120,117,156,139,142,90,87,83,47,54,49,28,99,82,170,147,151,161,147,122,118,112,152,163,266,264,264,262,276,276,279,235,279,279,352,350,372,307,480,450,439,325,2035,1797,2039,2044,2250,2055,2108,2031,1613,1550,1125,1104,29971,29972,5202,1585]} 1. e4 c5 2. Nf3 Nc6 3. d4 cxd4 4. Nxd4 g6 5. c4 Bg7 6. Nc2 Nf6 7. Nc3 d6 8. Be2 O-O 9. O-O Be6 10. Rb1 Nd7 {B37: Sicilian: Maroczy Bind with 5...Bg7, sidelines} (10... a5 11. b3 a4 12. b4 Rc8 13. f4 Qb6+ 14. Be3 Qd8 15. Qd3 Nb8 16. Na3 Bd7 17. h3 b6 18. Rfd1 {1-0 (49) Kosteniuk,A (2541)-Hou,Y (2673) Beijing 2014}) 11. Bd2 Nde5 $146 ({Predecessor:} 11... Nc5 12. f3 a5 13. b3 f5 14. exf5 Bxf5 15. Nd5 Nd4 16. Nde3 Nxe2+ 17. Qxe2 Bd3 18. Qd1 Bxf1 19. Qxf1 {0-1 (31) Zimina,O (2415)-Javakhishvili,L (2449) Riadh 2017}) 12. b3 f5 {White is slightly better.} 13. f4 Nd7 14. Bf3 Nd4 ({Black should try} 14... a5 $14) 15. Nxd4 $16 Bxd4+ 16. Kh1 Nc5 17. Qe2 Qd7 18. Rbd1 fxe4 19. Nxe4 Bf5 20. Bc3 (20. Nxc5 $142 dxc5 21. g4) 20... Bxe4 21. Bxd4 Bxf3 22. Rxf3 {[#] Threatens to win with Bxc5.} Ne6 23. Ba1 Ng7 (23... Nxf4 $11 {keeps the balance.} 24. Qe4 (24. Qb2 e5 $16) 24... Nh5) 24. c5 h5 (24... Rf7 $16 {might work better.}) 25. Rg3 Kh7 26. Bxg7 $1 $40 {[%mdl 128] White is out for blood.} Kxg7 27. Qxh5 Qe6 28. cxd6 exd6 29. Qf3 Rae8 (29... d5 $142 30. Qc3+ (30. Qxd5 Qxd5 31. Rxd5 Rxf4 $16) 30... Qf6 31. Rxd5 Qxc3 32. Rxc3 Rxf4 33. Rc7+ Kh6) 30. Qxb7+ $18 Re7 31. Qb4 Rf5 32. h3 d5 33. Rgd3 Ref7 34. Rd4 g5 35. Qc3 Qf6 36. Qg3 Kf8 (36... Rxf4 {was called for.} 37. Rxd5 Rf5) 37. fxg5 Rxg5 38. Rg4 Re5 $2 (38... Rxg4 39. Qxg4 Qe5) 39. Rg8+ Ke7 40. Qc3 {[#] White wants to mate with Qc7+.} Qd6 41. Ra8 d4 42. Rxa7+ Kf8 43. Rxf7+ Kxf7 44. Rxd4 Re1+ 45. Qxe1 Qxd4 46. a4 {Accuracy: White = 85%, Black = 39%.} 1-0

[Event "12th Arad Open 2019"]
[Site "Arad"]
[Date "2019.07.25"]
[Round "2.3"]
[White "Costin, Petrica"]
[Black "Svetushkin, Dmitry"]
[Result "0-1"]
[WhiteElo "2127"]
[BlackElo "2528"]
[Annotator "TA"]
[PlyCount "96"]
[EventDate "2019.07.24"]
[EventType "swiss"]
[EventCountry "ROU"]
[SourceTitle "playchess.com"]
[Source "ChessBase"]
[SourceQuality "1"]

{[%evp 11,96,13,13,4,15,3,26,0,-6,-8,0,-34,-22,-18,-20,-66,-60,-60,-54,-50,-38,-50,-33,-79,-65,-106,-102,-141,-116,-133,-135,-147,-133,-195,-183,-189,-191,-223,-213,-208,-138,-206,-182,-186,0,-187,0,0,0,0,0,0,0,-16,-25,-64,-8,-79,-77,-102,0,0,86,11,26,0,0,0,0,0,50,-11,-12,-5,0,-8,0,0,0,-123,-122,-252,-226,-591,-590,-590,-583]} 1. d4 Nf6 2. c4 e6 3. Nf3 Bb4+ 4. Bd2 a5 5. a3 Bxd2+ 6. Nbxd2 d6 7. e3 {E11: Bogo-Indian} Qe7 8. Be2 e5 9. dxe5 {White has an edge.} dxe5 10. Qc2 Nbd7 11. Ne4 $146 ({Predecessor:} 11. O-O a4 12. Ng5 O-O 13. Nde4 Nxe4 14. Nxe4 f5 15. Nc3 Nc5 16. Nd5 {0-1 (39) Palozi,P (2251)-Delgado Ramirez,N (2583) Maringa 2013}) 11... Nxe4 12. Qxe4 f6 13. h3 Nc5 14. Qc2 a4 15. Rd1 O-O 16. O-O b6 17. Nh2 f5 18. f3 Bb7 19. Rfe1 h6 20. Bf1 e4 21. f4 Kh7 22. g4 (22. Re2 $17) 22... g5 $19 23. fxg5 Qxg5 24. Bg2 fxg4 25. hxg4 Rf7 26. Qe2 (26. Nf3 $17 {is a better defense.} Qg7 27. Nh2) 26... Raf8 {And now ...Rf2! would win.} 27. Rf1 Rf3 $2 (27... Kg8 $19 {...Nd3 is the strong threat.} 28. Rxf7 Rxf7) 28. Qd2 $2 (28. Nxf3 $11 exf3 29. Rxf3 Bxf3 30. Bxf3) 28... h5 $2 (28... Qh4 $19 {aiming for ...Qg3.} 29. Rxf3 exf3) 29. Bxf3 $11 exf3 30. e4 $1 Nxe4 31. Qxg5 Nxg5 32. Rd7+ Kh6 33. Rfd1 f2+ {[%mdl 1024] Black has compensation.} 34. Kf1 Ne4 {[%cal Re4g3]} 35. R1d3 {[#]} Nc5 ({Black should try} 35... h4 $1 $17 {( -> ...Ng3+)} 36. g5+ Kxg5 37. Rxc7 Ba8 38. Rg7+ (38. Nf3+ Rxf3 {[%mdl 64] Remove Defender, Deflection} 39. Rxf3 Nd2+ {[%mdl 64] Double Attack} 40. Kxf2 Bxf3 $17) 38... Kh6) 36. Rd8 $1 {[%cal Rd8f8]} Rf7 {[#]} (36... Rf4 $11 {keeps the balance.} 37. Rh3 Ne4) 37. Rh3 ({White should play} 37. Rh8+ $1 $16 Kg5 38. Rh3 (38. Rxh5+ Kg6 $16)) 37... Ne4 $1 38. Rxh5+ Kg7 {[%cal Re4g3]} 39. Rd3 Ba6 $36 {[%mdl 2048] Black fights for an advantage.} 40. Kg2 Bxc4 41. Rd1 (41. Rf3 $14) 41... Be2 42. Rc1 Nd2 43. Rg5+ Kh6 44. Rh5+ Kg6 45. Rc6+ (45. Rf5 $1 $11 {remains equal.} f1=Q+ 46. Nxf1 Bxf1+ 47. Rcxf1 Nxf1 48. Rxf7 Kxf7 49. Kxf1) 45... Kg7 $17 {White must now prevent ...Bf3+.} 46. Rg5+ (46. Kg3 $17) 46... Kf8 $19 {Threatens to win with ...Bf3+.} 47. Rf5 $2 (47. Rh6 {is a better chance.} f1=Q+ 48. Nxf1 Bxf1+ 49. Kh1) 47... Rxf5 48. gxf5 {[#]} Bf3+ $1 {[%mdl 576] Double Attack. Accuracy: White = 28%, Black = 56%.} 0-1

[Event "12th Arad Open 2019"]
[Site "Arad"]
[Date "2019.07.25"]
[Round "2.4"]
[White "Jianu, Vlad-Cristian"]
[Black "Tunaru, Alexandru A."]
[Result "1-0"]
[WhiteElo "2523"]
[BlackElo "2111"]
[Annotator "TA"]
[PlyCount "163"]
[EventDate "2019.07.24"]
[EventType "swiss"]
[EventCountry "ROU"]
[SourceTitle "playchess.com"]
[Source "ChessBase"]
[SourceQuality "1"]

{[%evp 12,163,51,42,37,10,-3,-7,75,77,83,91,76,83,70,79,91,92,131,117,111,131,228,203,331,313,310,306,313,174,189,189,177,162,289,276,260,131,134,90,93,79,97,93,93,79,65,66,85,34,72,56,82,66,68,66,101,75,80,83,104,104,104,104,110,93,97,17,12,17,14,17,22,0,20,12,34,34,34,34,34,34,51,24,33,37,35,31,56,51,110,108,105,101,118,114,160,139,140,117,133,126,191,191,731,671,841,836,845,833,815,815,702,605,898,754,646,539,1135,1234,12850,29942,29955,29956,29957,29958,29956,29957,29941,606,29959,29960,29965,29971,29964,29960,29970,29973,29972,29973,29973,29972,29971,29970,29973,29973,29977,29969,29966,12829,29982,29983,29992,29993]} 1. d4 Nf6 2. c4 g6 3. Nc3 Bg7 4. e4 d6 5. f4 O-O 6. Nf3 Bg4 7. Be3 c5 {E76: King's Indian: Four Pawns Attack: Lines specific to 6 Nf3 move-order} (7... Nfd7 8. Be2 e5 9. fxe5 dxe5 10. d5 Bxf3 11. Bxf3 Bh6 12. Bxh6 Qh4+ 13. g3 Qxh6 14. Qd2 Qxd2+ 15. Kxd2 a5 16. Rab1 Nc5 17. b3 Nbd7 {½-½ (47) Turov,M (2583)-Amonatov,F (2649) Dagomys 2008}) 8. dxc5 Qa5 9. Bd3 (9. cxd6 Nxe4 10. Bd2 (10. dxe7 $2 Re8 $19) 10... Bxc3 $17) 9... dxc5 (9... Bxf3 $1 $11 {remains equal.} 10. gxf3 (10. Qxf3 Nfd7 $11) 10... dxc5) 10. e5 $16 Nfd7 11. h3 Bxf3 12. Qxf3 Nc6 13. O-O $36 {[%mdl 2048] White is on the roll.} Rad8 $146 ({Predecessor:} 13... e6 14. Be4 Rac8 15. Nb5 {1-0 (49) Rausis,I (2535)-O'Rourke,R (2095) Port Erin 1998}) 14. Rad1 Nb6 15. a3 Rd7 16. Ne4 Nd4 (16... Na4 $16) 17. Qf2 $1 $18 Ne6 (17... Na4 {might work better.} 18. b4 Qc7) 18. f5 (18. Bxc5 Na4 $16) (18. Nxc5 Nxc5 19. Bxc5 Rfd8 $18) 18... Rxd3 19. Rxd3 gxf5 20. Bd2 (20. Qxf5 $6 Nxc4 21. Bxc5 Nxe5 $16) (20. Nd2 $142) 20... Qa6 21. Qxf5 Nxc4 22. Bc3 {Strongly threatening Rg3.} Nd4 (22... Nxe5 $142 23. Rg3 (23. Bxe5 Bxe5 24. Rd7 Bd4+ 25. Kh1 Ng7 $16) 23... Ng6 24. Nxc5 Qb6) 23. Bxd4 ({Don't take} 23. Nxc5 $6 Nxf5 24. Nxa6 e6 $16) 23... cxd4 {[#]} 24. Ng5 (24. Nf6+ $1 $18 {[%mdl 512]} exf6 25. exf6 Qxf6 {[%mdl 64] Remove Defender} 26. Qxf6 Bxf6 27. Rxf6) 24... Qg6 $16 25. Rxd4 Nxe5 {...Nf3+ is the strong threat.} 26. Re4 e6 {[#]} 27. Qxg6 $1 hxg6 28. Nf3 Nc6 29. Re2 Rd8 30. Rc1 ({Better is} 30. b4 $16) 30... Bh6 31. Rc3 Rd7 32. Kf2 Bg7 33. Rcc2 Bh6 34. Re4 Rd5 35. g4 Bf8 36. Rd2 Rb5 37. Ke2 Rb3 38. Re3 Rb5 39. a4 (39. h4 $16) 39... Rb4 $11 40. b3 Bc5 41. Red3 e5 {Threatens to win with ...e4.} 42. Rd5 Bb6 43. Kd1 e4 44. Ne5 Rxb3 {aiming for ...e3.} 45. Nxc6 bxc6 $14 {[%mdl 4096] Endgame KRR-KRB} 46. Re5 e3 47. Rd7 {[%mdl 1024] Black must now prevent a5. White has compensation.} Rb1+ 48. Kc2 Ra1 49. a5 Ra2+ 50. Kd1 Bxa5 (50... e2+ $14 51. Rxe2 Ra1+ 52. Kc2 Rxa5) 51. Rxe3 $16 ({Don't play} 51. Rxa7 $6 Rd2+ 52. Ke1 Bc3 $11) 51... Rf2 52. Rxa7 Bb4 53. Rc7 Rf1+ 54. Kc2 c5 55. g5 Rf2+ 56. Kb3 Rf5 (56... Kg7 $16) 57. h4 $18 Kg7 $2 {[#]} (57... Kh7 58. Rc8 Rf4) 58. Rc8 $1 Bd2 59. Ree8 {White wants to mate with Rg8+.} Bxg5 60. hxg5 Rxg5 61. Kc4 Rg1 62. Kxc5 Rc1+ 63. Kd4 Ra1 64. Ke5 Ra5+ 65. Kf4 Ra4+ 66. Re4 Ra7 67. Rec4 Ra1 68. Rc1 Ra4+ 69. R8c4 Ra5 70. Kg4 (70. Rc7 $142 g5+ 71. Kg4 Kg6 72. R7c6+ f6 73. Kg3 Ra3+ 74. R1c3 Rxc3+ 75. Rxc3) 70... Ra2 71. Rc7 Rf2 72. R1c3 Rg2+ 73. Rg3 Ra2 74. Rf3 Kh6 75. Rcxf7 {[%cal Rf3h3]} Ra4+ 76. Kh3 Ra5 77. Rb7 Ra6 78. Rfb3 Ra5 79. R7b5 Ra1 80. Rb6 (80. Kg4 $142 Ra4+ 81. R5b4 Ra7 82. Rh3+ Kg7 83. Rb5 Ra1 84. Rb7+ Kf6 85. Rf3+ Ke6 86. Rb6+ Ke5 87. Rxg6) 80... Ra5 81. Rg3 Kh5 82. Rbxg6 {Accuracy: White = 65%, Black = 45%.} 1-0

[Event "12th Arad Open 2019"]
[Site "Arad"]
[Date "2019.07.25"]
[Round "2.5"]
[White "Sarmir, Milos"]
[Black "Costachi, Mihnea"]
[Result "0-1"]
[WhiteElo "2098"]
[BlackElo "2471"]
[Annotator "TA"]
[PlyCount "56"]
[EventDate "2019.07.24"]
[EventType "swiss"]
[EventCountry "ROU"]
[SourceTitle "playchess.com"]
[Source "ChessBase"]
[SourceQuality "1"]

{[%evp 15,56,-39,12,-93,-91,-163,-160,-185,-176,-162,-171,-204,-212,-231,-229,-262,-238,-336,-339,-328,-143,-135,-145,-233,-245,-287,-321,-459,-439,-464,-447,-762,-771,-1291,-1412,-29992,-29993,-29994,-29995,-29996,-29991,-29991,-29992]} 1. e4 e5 2. Nf3 Nc6 3. Bb5 a6 4. Bxc6 dxc6 5. O-O Bg4 6. h3 h5 7. d3 Qf6 8. Nbd2 g5 (8... Ne7 $15) 9. Re1 {C68: Ruy Lopez: Exchange Variation, sidelines} (9. b4 $11 {keeps the balance.}) (9. Nc4 Bxf3 10. Qxf3 Qxf3 11. gxf3 f6 12. Rd1 Ne7 13. Ne3 {½-½ (13) Solak,D (2635)-Sethuraman,S (2640) Kragujevac 2016}) 9... Be6 $1 $17 10. Nh2 {[#]} (10. d4 $17) 10... g4 $1 $19 {[%mdl 512]} 11. hxg4 {Black is clearly better.} hxg4 12. Ndf1 Qh4 13. Qe2 O-O-O $146 ({Predecessor:} 13... Ne7 14. Qe3 Ng6 15. Qg3 Qh7 16. c3 O-O-O {0-1 (37) Coba Moncada,J-Casares Ripol,F Spain 1987}) 14. Qe3 b6 15. Qg3 {next Qxh4 is good for White.} Qh5 16. f4 (16. Bd2 $142) 16... Bc5+ 17. Kh1 Be7 (17... Ne7 $19 {is more deadly. Threatens to win with ...Kb7.} 18. a4 f5) 18. f5 $17 {[#]} Bd7 $1 $36 {[%mdl 2048] White is under strong pressure.} ({Of course not} 18... Bh4 $6 19. Qxe5 Bf6 20. Qg3 $11) 19. Rd1 (19. Bd2 $17) 19... Nf6 $19 20. Be3 ({But not} 20. Qxe5 Bd6 $19) 20... Rdg8 21. Bg1 (21. a4 $142 a5 22. b3) 21... Qh6 22. Be3 Qh7 23. Bxb6 (23. Qxe5 $142 Bd6 24. Qxf6 Bxh2 25. Qh6 Qxh6 26. Bxh6) 23... cxb6 24. Qxe5 {[#]} g3 $1 {[%mdl 64] Pin} 25. Qxe7 (25. Nxg3 Qxh2#) 25... Ng4 {[%mdl 64] Pin. Black mates.} 26. Qa3 a5 27. d4 Nf2+ 28. Kg1 gxh2+ {Accuracy: White = 26%, Black = 82%.} 0-1

[Event "12th Arad Open 2019"]
[Site "Arad"]
[Date "2019.07.25"]
[Round "2.6"]
[White "Schitco, Ivan"]
[Black "Nicora, Cristi"]
[Result "1-0"]
[WhiteElo "2462"]
[BlackElo "2102"]
[Annotator "TA"]
[PlyCount "73"]
[EventDate "2019.07.24"]
[EventType "swiss"]
[EventCountry "ROU"]
[SourceTitle "playchess.com"]
[Source "ChessBase"]
[SourceQuality "1"]

{[%evp 9,73,35,9,9,27,11,24,9,8,6,45,37,45,45,40,27,60,59,63,71,100,102,109,58,58,52,61,42,57,29,30,27,110,112,102,114,277,276,259,254,223,114,124,108,106,75,124,104,164,107,432,432,458,474,469,448,493,472,1510,1152,1795,1469,6079,4132,29967,5318]} 1. d4 Nf6 2. c4 g6 3. Nf3 Bg7 4. e3 O-O 5. Be2 d5 6. cxd5 {E60: King's Indian: Unusual lines and Fianchetto Variation without Nc3} Nxd5 7. e4 Nb6 8. O-O {White has an edge.} Bg4 9. Nbd2 e6 (9... e5 $5) 10. h3 Bxf3 $1 11. Nxf3 Nc6 {[%cal Rc6d4]} 12. Be3 Qd6 $146 ({Predecessor:} 12... Qe7 13. Qb3 {1-0 (55) Grischuk,A (2785)-Nepomniachtchi,I (2717) Riga 2013}) 13. Qd2 Rfd8 {[%cal Rc6d4]} 14. Rfd1 a5 15. Rac1 $36 {[%mdl 2048] White is on the roll.} Qb4 16. a3 (16. Qc2 $16) 16... Qxd2 $14 17. Rxd2 f5 18. d5 (18. exf5 {is more complex.} gxf5 19. Bg5 Rd5 20. b3 Rd6 21. Bf4) 18... exd5 19. Bxb6 (19. exf5 {with more complications.} Nc4 20. Bxc4 dxc4 21. fxg6 Rxd2 22. Nxd2 b5 23. gxh7+ Kxh7 24. Rb1) 19... cxb6 20. exd5 Bh6 (20... Ne5 $1 $11 {remains equal.}) 21. dxc6 $16 Bxd2 22. Nxd2 {And now c7 would win.} Rxd2 $2 (22... bxc6 $16 {keeps fighting.} 23. Nc4 Rab8) 23. cxb7 {[%mdl 4096] Endgame KRR-KRB} Rb8 24. Rc8+ Rd8 25. Bc4+ (25. Rc7 $1 $18) 25... Kg7 {[#]} 26. Rc7+ $1 {[%mdl 1024] White has strong compensation.} Kh6 27. Ba6 b5 28. b3 Rd1+ 29. Kh2 Rd6 $2 {[%mdl 8192]} (29... Kg5 $16 {is more resistant.}) 30. Rc8 $18 Rd8 {[#]} 31. Rxd8 $1 Rxd8 32. Bxb5 {KR-KB} Rb8 33. Bc6 f4 (33... Kg5 $142 34. a4 Kf4) 34. a4 {[%cal Ba3a4,Ba4a5][%mdl 32]} Kg5 35. Be4 Re8 {[#]} 36. b4 $1 {[%mdl 576] Promotion} axb4 37. a5 {Accuracy: White = 63%, Black = 23%.} 1-0

[Event "12th Arad Open 2019"]
[Site "Arad"]
[Date "2019.07.25"]
[Round "2.7"]
[White "Har-Even, Abir"]
[Black "Gorodetzky, David"]
[Result "0-1"]
[WhiteElo "2083"]
[BlackElo "2461"]
[Annotator "RC"]
[PlyCount "58"]
[EventDate "2019.07.24"]
[EventType "swiss"]
[EventCountry "ROU"]
[SourceTitle "playchess.com"]
[Source "ChessBase"]
[SourceQuality "1"]
[TimeControl "40/5400+30:900+30"]

1. e4 {[%emt 0:00:00]} e6 {[%emt 0:00:00]} 2. d3 {[%emt 0:00:00]} d5 {[%emt 0:00:00]} 3. Nd2 {[%emt 0:00:00]} Nf6 {[%emt 0:00:29]} 4. Ngf3 {[%emt 0:00:01]} Be7 {[%emt 0:00:42]} 5. g3 {[%emt 0:00:23]} O-O {[%emt 0:00:34]} 6. Bg2 {[%emt 0:00:36]} c5 {[%emt 0:02:12]} 7. e5 {[%emt 0:00:30]} Nfd7 {[%emt 0:00:08]} 8. O-O {[%emt 0:00:07]} Nc6 {[%emt 0:00:04]} 9. Re1 {[%emt 0:00:06]} b5 {[%emt 0:03:15]} 10. h4 {[%emt 0:03:57]} b4 {[%emt 0:03:26]} 11. Nf1 {[%emt 0:01:54]} a5 {[%emt 0:05:38]} 12. N1h2 {[%emt 0:04:16]} Re8 {[%emt 0:09:24]} 13. Bf4 {[%emt 0:07:01]} Bf8 {[%emt 0:07:53]} 14. h5 {[%emt 0:07:40]} h6 {[%emt 0:00:12]} 15. Ng4 {[%emt 0:01:08]} Ba6 {[%emt 0:01:31]} 16. Qd2 {[%emt 0:15:28]} Qe7 {[%emt 0:00:06]} 17. Ne3 {[%emt 0:13:13]} Rac8 {[%emt 0:02:58]} 18. g4 {[%emt 0:05:55]} f6 {[%emt 0:01:40]} 19. exf6 Qxf6 {[%emt 0:00:15]} 20. Nd1 {[%emt 0:10:37]} Qf7 {[%emt 0:10:58]} 21. Nh4 {[%emt 0:09:01]} Nf6 {[%emt 0:01:31]} 22. f3 {[%emt 0:04:30]} Nxh5 {[%emt 0:15:05]} 23. gxh5 {[%emt 0:01:05]} Qxh5 {[%emt 0:00:02]} 24. Bh3 {[%emt 0:12:42]} Qxh4 {[%emt 0:00:44]} 25. Bxe6+ {[%emt 0:00:33]} Rxe6 {[%emt 0:08:49]} 26. Rxe6 {[%emt 0:00:03]} Nd4 {[%emt 0:00:07]} 27. Qe3 {[%emt 0:00:17]} Bb5 {[%emt 0:01:57]} 28. Rc1 {[%emt 0:01:37]} Qh3 {[%emt 0:03:22]} 29. Kf2 {[%emt 0:00:39]} Qxe6 0-1